Statistics for Guess the NBA Player

Click here to take the quiz!

General Stats

  • This quiz has been taken 23 times
  • The average score is 11 of 15

Answer Stats

HintAnswer% Correct
Sacramento Kings, #5De'Arron Fox
100%
Phoenix Suns, #1Devin Booker
95%
Boston Celtics, #7Jaylen Brown
95%
Dallas Mavericks, #77Luka Doncic
95%
Golden State Warriors, #30Stephen Curry
95%
Denver Nuggets, #27Jamal Murray
89%
Los Angeles Lakers, #15Austin Reaves
79%
Miami Heat, #14Tyler Herro
79%
Cleveland Cavaliers, #4Evan Mobley
74%
New York Knicks, #11Jalen Brunson
74%
Minnesota Timberwolves, #32Karl-Anthony Towns
74%
Washington Wizards, #3Jordan Poole
68%
Chicago Bulls, #9Nikola Vucevic
68%
Brooklyn Nets, #10Ben Simmons
37%
Indiana Pacers, #5Obi Toppin
16%

Score Distribution

Percentile by Number Answered

Percent of People with Each Score

Your Score History

You have not taken this quiz